00483nam a2200205Ia 4500008004100000020001800041050001400059100002200073245002700095245002500122260001500147260001600162260000900178300001600187300002600203300001000229300002300239440000700262500000800269170918s9999 xx 000 0 und d a9780439691437 bS857 2000 aStilton, Geronimo aSurf's up, Geronimo! / cby Geronimo Stilton. aNew York : bScholastic, c2000 a109 pages : bcolor illustrations ; c19cm. eGeronimo Stilton ; a20 a480